[Event "Berlin Eckbauer op 21st"]
[Site "Berlin"]
[Date "2018.11.05"]
[Round "4"]
[White "Weber, Manfred"]
[Black "Prinz, Tade"]
[Result "1-0"]
[WhiteElo "1709"]
[BlackElo "1689"]
[PlyCount "95"]
[EventDate "2018.10.08"]
[EventType "swiss"]
[EventRounds "7"]
[EventCountry "GER"]
[SourceTitle "CBM 189 Extra"]
[Source "ChessBase"]
[SourceDate "2019.06.03"]
[SourceVersion "1"]
[SourceVersionDate "2019.06.03"]
[SourceQuality "1"]

1. d4 d5 2. Bf4 Bf5 3. e3 e6 4. c4 Bxb1 5. Rxb1 Bb4+ 6. Ke2 dxc4 7. Qa4+ Nc6 8. Nf3 Nge7 9. a3 Bd6 10. Bxd6 Qxd6 11. Qxc4 0-0 12. g3 Rfd8 13. Bg2 h6 14. Rhd1 Nd5 15. Kf1 Nb6 16. Qc2 Rac8 17. b4 f6 18. Nh4 Rb8 19. Rbc1 Rdc8 20. Bh3 Ne7 21. Qb3 Ned5 22. e4 g5 23. Ng2 g4 24. Bxg4 f5 25. exf5 exf5 26. Bxf5 Rf8 27. Be4 c6 28. Rd3 Rf7 29. Rf3 Rbf8 30. Rxf7 Rxf7 31. Bxd5 Nxd5 32. Qd1 Qf6 33. Qg4+ Kh8 34. Rc2 Ne3+ 35. Nxe3 Rg7 36. Qe4 Re7 37. Qd3 Qf3 38. Kg1 Rxe3 39. fxe3 a6 40. Rf2 Qd5 41. e4 Qg5 42. e5 Kg7 43. e6 h5 44. Qf3 Qc1+ 45. Kg2 Qe1 46. Qf7+ Kh8 47. Qxh5+ Kg8 48. Qg6+ 1-0

[Event "Berlin Eckbauer op 19th"]
[Site "Berlin"]
[Date "2016.11.28"]
[Round "7"]
[White "Prinz, Tade"]
[Black "Baer, Alexander"]
[Result "1-0"]
[WhiteElo "1689"]
[BlackElo "1263"]
[PlyCount "63"]
[EventDate "2016.10.10"]
[EventType "swiss"]
[EventRounds "7"]
[EventCountry "GER"]
[SourceTitle "EXT 2022"]
[Source "ChessBase"]
[SourceDate "2021.10.06"]
[SourceVersion "1"]
[SourceVersionDate "2021.10.06"]
[SourceQuality "1"]

1. Nf3 c6 2. b3 d5 3. Bb2 Bf5 4. e3 Nd7 5. Nc3 Ngf6 6. Ne2 e6 7. Ng3 Bg6 8. Ne5 Bd6 9. f4 0-0 10. Be2 Nxe5 11. fxe5 Be7 12. exf6 Bxf6 13. Bxf6 Qxf6 14. Bf3 e5 15. 0-0 Qe6 16. Bg4 f5 17. Bh3 Rf6 18. d3 Qf7 19. Qd2 Rf8 20. Rf2 f4 21. exf4 exf4 22. Nf1 Bh5 23. Re1 g5 24. Re5 h6 25. Qe1 g4 26. Re7 Qg6 27. Bxg4 Qxg4 28. h3 Qh4 29. Re6 f3 30. Kh2 fxg2 31. Rxg2+ Kh8 32. Qxh4 1-0

[Event "Berlin Eckbauer op 19th"]
[Site "Berlin"]
[Date "2016.10.31"]
[Round "3"]
[White "Meinicke, Kurt"]
[Black "Prinz, Tade"]
[Result "1-0"]
[WhiteElo "1514"]
[BlackElo "1689"]
[PlyCount "73"]
[EventDate "2016.10.10"]
[EventType "swiss"]
[EventRounds "7"]
[EventCountry "GER"]
[SourceTitle "EXT 2022"]
[Source "ChessBase"]
[SourceDate "2021.10.06"]
[SourceVersion "1"]
[SourceVersionDate "2021.10.06"]
[SourceQuality "1"]

1. d4 Nf6 2. c4 e6 3. Nc3 Bb4 4. Bd2 b6 5. Nf3 Bb7 6. e3 Bxc3 7. Bxc3 Ne4 8. Be2 0-0 9. Qc2 d6 10. 0-0 Nd7 11. Rad1 f5 12. c5 Bd5 13. c6 Bxc6 14. Bb4 Bd5 15. Bb5 Ng5 16. Nxg5 Qxg5 17. g3 Nf6 18. Bc6 Rac8 19. Bxd5 Nxd5 20. Bd2 Qh5 21. Qc4 c5 22. f3 Rf6 23. e4 Ne7 24. e5 d5 25. Qc1 Rg6 26. Bf4 cxd4 27. Qd2 Nc6 28. Rc1 Qh3 29. Rc2 Ne7 30. Rxc8+ Nxc8 31. Rc1 Ne7 32. Qb4 h5 33. Qxe7 Kh7 34. Rc8 h4 35. Qe8 Rxg3+ 36. Bxg3 f4 37. Qh5# 1-0

[Event "Berlin Eckbauer op 19th"]
[Site "Berlin"]
[Date "2016.10.10"]
[Round "1"]
[White "Albrecht, Rainer"]
[Black "Prinz, Tade"]
[Result "1-0"]
[WhiteElo "2038"]
[BlackElo "1689"]
[PlyCount "79"]
[EventDate "2016.10.10"]
[EventType "swiss"]
[EventRounds "7"]
[EventCountry "GER"]
[SourceTitle "EXT 2022"]
[Source "ChessBase"]
[SourceDate "2021.10.06"]
[SourceVersion "1"]
[SourceVersionDate "2021.10.06"]
[SourceQuality "1"]

1. d4 Nf6 2. c4 d6 3. Nc3 Nbd7 4. e4 e5 5. d5 Be7 6. h3 h6 7. Nf3 b6 8. Bd3 Nf8 9. Be3 Bd7 10. b4 g5 11. Nd2 Ng6 12. Nb3 0-0 13. g3 Kh7 14. f3 Qc8 15. Qd2 Ng8 16. c5 bxc5 17. bxc5 a6 18. c6 Bxh3 19. Qh2 g4 20. fxg4 Bxg4 21. Bxh6 Bh4 22. Bxf8 Qxf8 23. Be2 Qh6 24. Qf2 Nf6 25. gxh4 Nf4 26. Kd1 Bxe2+ 27. Nxe2 Qh5 28. Nd2 Rg8 29. Qf3 Rg4 30. Nxf4 exf4 31. Kc2 Qe5 32. Qc3 Qe7 33. Rag1 Kh6 34. Qf3 Kh5 35. Rxg4 Nxg4 36. Rg1 f5 37. exf5 Qg7 38. Qxg4+ Qxg4 39. Rxg4 Kxg4 40. f6 1-0

[Event "Berlin Eckbauer op 18th"]
[Site "Berlin"]
[Date "2015.10.19"]
[Round "3"]
[White "Prinz, Tade"]
[Black "Geist, Wolfgang"]
[Result "1-0"]
[WhiteElo "1679"]
[BlackElo "1537"]
[PlyCount "185"]
[EventDate "2015.10.05"]
[EventType "swiss"]
[EventRounds "7"]
[EventCountry "GER"]
[SourceTitle "EXT 2022"]
[Source "ChessBase"]
[SourceDate "2021.10.06"]
[SourceVersion "1"]
[SourceVersionDate "2021.10.06"]
[SourceQuality "1"]

1. e4 d6 2. c4 e5 3. Nc3 Nf6 4. h3 Be7 5. d3 c6 6. Nge2 Nbd7 7. Ng3 Nc5 8. b4 Ne6 9. a4 Bd7 10. a5 a6 11. Be3 Qc8 12. Be2 c5 13. Nd5 Nxd5 14. exd5 Nd4 15. bxc5 dxc5 16. Rb1 Nxe2 17. Qxe2 0-0 18. Ne4 f5 19. Nc3 Qc7 20. Rb6 f4 21. Bd2 Bd8 22. Ne4 Bf5 23. Bc3 Qe7 24. Qb2 Bxb6 25. Qxb6 Bxe4 26. dxe4 Rf6 27. Qb2 Rg6 28. Rg1 Re8 29. Qe2 Rf8 30. Qf3 Rff6 31. Qh5 Rf7 32. Kd2 Qg5 33. Qf3 Rh6 34. Kd3 Qh5 35. Qxh5 Rxh5 36. f3 Rd7 37. Ke2 Kf7 38. Be1 g5 39. Bf2 Rh6 40. Rc1 Rc7 41. Rd1 Rd6 42. g4 h6 43. h4 Kg6 44. hxg5 hxg5 45. Rh1 Rc8 46. Rb1 Rc7 47. Be1 Re7 48. Bc3 Kf6 49. Rh1 Kg7 50. Bb2 Rh6 51. Rxh6 Kxh6 52. d6 Rd7 53. Bxe5 Kg6 54. Kd3 Kf7 55. Kc3 Ke6 56. Bh8 Rxd6 57. e5 Rd1 58. Bf6 Rf1 59. Bxg5 Kxe5 60. Be7 Rxf3+ 61. Kd2 Kd4 62. g5 Kxc4 63. Bf6 Ra3 64. g6 Rg3 65. g7 Kb5 66. Bc3 f3 67. Ke3 Kc4 68. Be5 Rg6 69. Kxf3 Kd5 70. Kf4 Ke6 71. Bc3 Kf7 72. Kf5 Rg3 73. Be5 c4 74. Bxg3 Kxg7 75. Be5+ Kf7 76. Ke4 Ke6 77. Bc7 c3 78. Kd3 c2 79. Kxc2 Kd5 80. Bb6 Kc4 81. Kd2 Kb4 82. Kd3 Kb5 83. Kd4 Kc6 84. Ke5 Kd7 85. Kd5 Kc8 86. Kc5 Kd7 87. Kd5 Kc8 88. Kd6 Kb8 89. Kc5 Kc8 90. Ba7 Kd7 91. Bb8 Kd8 92. Kb6 Kc8 93. Be5 1-0

[Event "Niedersachsen-ch Seniors op 14th"]
[Site "Bad Bevensen"]
[Date "2011.07.09"]
[Round "5"]
[White "Prinz, Tade"]
[Black "Geibel, Henning"]
[Result "1-0"]
[WhiteElo "1477"]
[BlackElo "1234"]
[PlyCount "37"]
[EventDate "2011.07.05"]
[EventType "swiss"]
[EventRounds "9"]
[EventCountry "GER"]
[SourceTitle "EXT 2012"]
[Source "ChessBase"]
[SourceDate "2011.11.24"]
[SourceVersion "1"]
[SourceVersionDate "2011.11.24"]
[SourceQuality "1"]

1. d4 d5 2. Nf3 e6 3. Bf4 Nf6 4. e3 Bd7 5. Bd3 h6 6. Nbd2 c5 7. c3 c4 8. Bc2 Be7 9. Ne5 0-0 10. h4 Nc6 11. Ndf3 Nxe5 12. Nxe5 b5 13. a3 Ne4 14. Qf3 Nf6 15. g4 Rc8 16. g5 hxg5 17. hxg5 Ne4 18. Bxe4 dxe4 19. Qh5 1-0

[Event "Berlin-ch Seniors op 27th"]
[Site "Berlin"]
[Date "2011.02.03"]
[Round "6"]
[White "Prinz, Tade"]
[Black "Pueschel, Gisela"]
[Result "1-0"]
[WhiteElo "1553"]
[BlackElo "1221"]
[PlyCount "126"]
[EventDate "2011.01.29"]
[EventType "swiss"]
[EventRounds "9"]
[EventCountry "GER"]
[SourceTitle "EXT 2012"]
[Source "ChessBase"]
[SourceDate "2011.11.24"]
[SourceVersion "1"]
[SourceVersionDate "2011.11.24"]
[SourceQuality "1"]

1. f4 d5 2. e3 Nf6 3. Nf3 e6 4. b3 Be7 5. Bb2 0-0 6. Bd3 Nbd7 7. Nc3 c5 8. Ne2 a6 9. a4 b6 10. Ng3 Bb7 11. 0-0 a5 12. Ne5 Bd6 13. Nxd7 Qxd7 14. Nh5 Be7 15. Be5 Ba6 16. Bxa6 Rxa6 17. Qe2 Raa8 18. c3 Qd8 19. Qf3 g6 20. Nxf6+ Bxf6 21. d4 Bxe5 22. dxe5 f6 23. Qh3 f5 24. Rfd1 Qe7 25. Rd2 Rad8 26. Rad1 Rd7 27. Qf3 Rfd8 28. g4 fxg4 29. Qxg4 Rf8 30. h4 Rf7 31. Rg2 Rg7 32. Rdd2 Qe8 33. Qh3 h5 34. Rg5 Rdf7 35. Qf1 Rf5 36. Qa6 Qd8 37. Rdg2 Kh7 38. Qe2 d4 39. Qe1 dxe3 40. Qxe3 Qd1+ 41. Kh2 Rxg5 42. Rxg5 Qxb3 43. Rg3 Qxa4 44. Rf3 Qc2+ 45. Rf2 Qf5 46. Rg2 Rf7 47. Rf2 Qg4 48. Rf3 Qxh4+ 49. Kg2 Qg4+ 50. Kf1 Qf5 51. Qd2 g5 52. Rf2 g4 53. Qd8 Qb1+ 54. Kg2 Qe4+ 55. Kg3 Qe3+ 56. Kg2 Qh3+ 57. Kg1 Qg3+ 58. Kf1 Rf5 59. Qe7+ Kg6 60. Qxe6+ Kg7 61. Qe7+ Kg6 62. Qe8+ Kh6 63. Qg8 Qh4 1-0

[Event "Berlin-ch Seniors op 27th"]
[Site "Berlin"]
[Date "2011.02.02"]
[Round "5"]
[White "Scholz, Werner"]
[Black "Prinz, Tade"]
[Result "1/2-1/2"]
[WhiteElo "1496"]
[BlackElo "1553"]
[PlyCount "118"]
[EventDate "2011.01.29"]
[EventType "swiss"]
[EventRounds "9"]
[EventCountry "GER"]
[SourceTitle "EXT 2012"]
[Source "ChessBase"]
[SourceDate "2011.11.24"]
[SourceVersion "1"]
[SourceVersionDate "2011.11.24"]
[SourceQuality "1"]

1. d4 Nf6 2. Nf3 d6 3. e3 Nbd7 4. Bd3 e5 5. dxe5 dxe5 6. Nbd2 Bb4 7. 0-0 0-0 8. b3 c6 9. Bb2 Re8 10. c3 Bf8 11. Qe2 e4 12. Nxe4 Nxe4 13. Rfd1 g6 14. Qc2 Ng5 15. Be2 Bg7 16. Rd3 Nxf3+ 17. Bxf3 Qc7 18. Be2 Ne5 19. Rd2 Bf5 20. e4 Ng4 21. Bxg4 Bxg4 22. f3 Be6 23. Rad1 Qf4 24. Kf2 Qxh2 25. Qc1 Be5 26. Rd3 Qg3+ 27. Kf1 Bf4 28. Qc2 Qh2 29. Qf2 Qh1+ 30. Ke2 Qh6 31. c4 Bf5 32. Qd4 Be5 33. Bc1 Qg7 34. Qf2 Bb2 35. Be3 Bxe4 36. fxe4 Ba3 37. Qh4 Be7 38. Qf4 Bf6 39. Bd4 Bxd4 40. Rxd4 b6 41. Kf3 h5 42. g3 g5 43. Qf5 a5 44. Rd7 Rf8 45. e5 Rae8 46. Re1 Qh6 47. Rd6 Re6 48. Rd7 h4 49. Rh1 Rg6 50. Kg4 Rg7 51. Rd6 Rg6 52. Rd7 c5 53. Rd6 Qg7 54. Rxg6 fxg6 55. Qxg5 hxg3 56. Kxg3 Qf7 57. Rf1 Qg7 58. Rxf8+ Kxf8 59. Qd8+ Kf7 1/2-1/2

[Event "GER-ch Seniors 22nd"]
[Site "Berlin"]
[Date "2010.08.17"]
[Round "2"]
[White "Neese, Hans Joachim"]
[Black "Prinz, Tade"]
[Result "1-0"]
[WhiteElo "2161"]
[BlackElo "1467"]
[PlyCount "130"]
[EventDate "2010.08.16"]
[EventType "swiss"]
[EventRounds "9"]
[EventCountry "GER"]
[SourceTitle "CBM 138 Extra"]
[Source "ChessBase"]
[SourceDate "2010.10.29"]
[SourceVersion "1"]
[SourceVersionDate "2010.10.29"]
[SourceQuality "1"]

1. d4 Nf6 2. Nf3 d6 3. c4 Nbd7 4. Nc3 e5 5. d5 Be7 6. Qc2 0-0 7. a3 a6 8. e4 Re8 9. Be2 h6 10. 0-0 Bf8 11. Be3 b6 12. b4 g5 13. Nd2 Bg7 14. Nb3 Nf8 15. c5 b5 16. a4 bxa4 17. Rxa4 Bd7 18. Rxa6 Rxa6 19. Bxa6 Ng4 20. Bd2 Ng6 21. f3 Nf6 22. g3 Bh3 23. Ra1 g4 24. Be2 gxf3 25. Bxf3 Bg4 26. Bg2 Nh7 27. h3 Bd7 28. c6 Bc8 29. Nd1 Ng5 30. Nf2 Rf8 31. h4 Nh7 32. Ra8 Qe7 33. Qc1 h5 34. Qd1 Nf6 35. Bg5 Bg4 36. Rxf8+ Qxf8 37. Qd2 Kh7 38. Qa2 Qb8 39. Qa5 Be2 40. Nc1 Bc4 41. Ncd3 Ne8 42. Bf3 f6 43. Bc1 Bh6 44. Bxh5 Bxc1 45. Nxc1 Kg7 46. Be2 Bxe2 47. Nxe2 Ne7 48. Nc3 Nc8 49. Ncd1 Nb6 50. Ne3 Kf7 51. Qa2 Qd8 52. Qe2 Ng7 53. Qf3 Qh8 54. Kg2 Qh5 55. Nfg4 Qg6 56. Kh3 Nh5 57. Nf2 Nc8 58. Nd3 Ne7 59. g4 Ng7 60. b5 Qh6 61. g5 Qg6 62. Ng4 f5 63. Ngxe5+ dxe5 64. Nxe5+ Ke8 65. Nxg6 fxe4 1-0

[Event "GER-ch Seniors 22nd"]
[Site "Berlin"]
[Date "2010.08.16"]
[Round "1"]
[White "Prinz, Tade"]
[Black "Plewka, Manfred"]
[Result "1-0"]
[WhiteElo "1467"]
[BlackElo "1845"]
[PlyCount "91"]
[EventDate "2010.08.16"]
[EventType "swiss"]
[EventRounds "9"]
[EventCountry "GER"]
[SourceTitle "CBM 138 Extra"]
[Source "ChessBase"]
[SourceDate "2010.10.29"]
[SourceVersion "1"]
[SourceVersionDate "2010.10.29"]
[SourceQuality "1"]

1. d4 f5 2. c4 g6 3. Nc3 Nf6 4. g3 Bg7 5. Bg2 0-0 6. e3 c6 7. Nge2 d6 8. Qb3 e5 9. dxe5 dxe5 10. 0-0 Qe7 11. a4 Be6 12. Qa2 Qb4 13. b3 Na6 14. Ba3 Qa5 15. Bxf8 Rxf8 16. Rab1 Nd7 17. Qd2 Ndc5 18. Rfd1 e4 19. Nd4 Bf7 20. Bf1 Nb4 21. Na2 Nca6 22. Nxb4 Nxb4 23. Nc2 c5 24. Nxb4 cxb4 25. Qd7 b6 26. Rbc1 Bf6 27. Qb5 Qxb5 28. axb5 Be6 29. Rd6 Kf7 30. Rcd1 Ke7 31. Be2 Be5 32. R6d2 g5 33. Ra2 Ra8 34. f4 gxf4 35. gxf4 Bd6 36. Rda1 Rg8+ 37. Kf2 Bb8 38. Rg1 Rg6 39. h4 Bf7 40. h5 Rh6 41. Rg5 Kf6 42. Rd2 Ke6 43. Rd8 Bd6 44. Rc8 Be7 45. Rc7 Kd6 46. Rc6+ 1-0

[Event "Niedersachsen-ch Seniors op 13th"]
[Site "Bad Bevensen"]
[Date "2010.07.09"]
[Round "4"]
[White "Prinz, Tade"]
[Black "Bade, Heidrun"]
[Result "1-0"]
[WhiteElo "1550"]
[BlackElo "1711"]
[PlyCount "79"]
[EventDate "2010.07.06"]
[EventType "swiss"]
[EventRounds "9"]
[EventCountry "GER"]
[SourceTitle "EXT 2012"]
[Source "ChessBase"]
[SourceDate "2011.11.24"]
[SourceVersion "1"]
[SourceVersionDate "2011.11.24"]
[SourceQuality "1"]

1. d4 d5 2. Nf3 Nf6 3. Bf4 e6 4. e3 Be7 5. Bd3 Nbd7 6. Nbd2 0-0 7. Ne5 c5 8. c3 Nxe5 9. dxe5 Ne8 10. h4 f5 11. Nf3 Bd7 12. Ng5 Nc7 13. g4 Qe8 14. gxf5 exf5 15. Qf3 h6 16. e6 Nxe6 17. Nxe6 Bxe6 18. 0-0-0 Qf7 19. Rdg1 Kh7 20. Be5 Rg8 21. h5 c4 22. Bc2 Raf8 23. Rg6 Bg5 24. Qd1 Qd7 25. f4 Bf6 26. Bd4 b5 27. Rhg1 Bf7 28. Bxf6 Bxg6 29. hxg6+ Kh8 30. Bd4 Qe6 31. Qh5 Rf6 32. Be5 Rgf8 33. a3 Kg8 34. Bd4 Qd7 35. Qh1 Re6 36. Qh3 Rc6 37. Qg2 a5 38. Rd1 Qe6 39. Be5 Qd7 40. Rxd5 1-0

[Event "Niedersachsen-ch Seniors op 13th"]
[Site "Bad Bevensen"]
[Date "2010.07.07"]
[Round "2"]
[White "Prinz, Tade"]
[Black "Rychlik, Kurt"]
[Result "0-1"]
[WhiteElo "1550"]
[BlackElo "1905"]
[PlyCount "169"]
[EventDate "2010.07.06"]
[EventType "swiss"]
[EventRounds "9"]
[EventCountry "GER"]
[SourceTitle "EXT 2012"]
[Source "ChessBase"]
[SourceDate "2011.11.24"]
[SourceVersion "1"]
[SourceVersionDate "2011.11.24"]
[SourceQuality "1"]

1. d4 g6 2. Nf3 Bg7 3. Bf4 d6 4. Nbd2 Nc6 5. e3 Nf6 6. c3 Nh5 7. Bg5 h6 8. Bh4 g5 9. d5 Nb8 10. Nd4 Nf6 11. Bb5+ Bd7 12. Bg3 Bxb5 13. Nxb5 Nxd5 14. Nf3 Nf6 15. Qa4 0-0 16. Nbd4 e6 17. Rd1 Nbd7 18. Ne2 Qe7 19. h3 Nc5 20. Qa3 a5 21. 0-0 Nce4 22. Be5 Rfe8 23. Bh2 h5 24. Qa4 Bh6 25. Nd2 Nc5 26. Qc2 Kh8 27. Kh1 Rg8 28. Rc1 a4 29. b4 axb3 30. axb3 g4 31. h4 Nd5 32. Bg3 f5 33. Nf4 Nxf4 34. exf4 Rge8 35. b4 Nd7 36. Rfe1 Bg7 37. Nc4 b6 38. Ne3 Qd8 39. Re2 Bf6 40. Rce1 Re7 41. Qb3 Nf8 42. Nf1 d5 43. Nh2 Re8 44. Nf1 Bxh4 45. Ne3 Bxg3 46. fxg3 Qd7 47. Rd1 c6 48. Qb2 Qg7 49. Nc2 c5 50. bxc5 bxc5 51. Ra1 Reb8 52. Qc1 Qxc3 53. Rxa8 Rxa8 54. Re3 Qf6 55. Qb1 d4 56. Qb2 Qg7 57. Re5 d3 58. Ne3 Ng6 59. Nc4 Nxe5 60. Nxe5 Kh7 61. Qb3 d2 62. Kh2 Qe7 63. Nc4 Rd8 64. Ne3 Qd7 65. Nd1 Qd5 66. Qb6 c4 67. Qa7+ Rd7 68. Qe3 Kg6 69. Qb6 Kf7 70. Qb4 Qd4 71. Qb8 c3 72. Qb3 Qd3 73. Nxc3 d1Q 74. Qxd1 Qxd1 75. Nxd1 h4 76. Ne3 hxg3+ 77. Kxg3 Rd3 78. Kf2 Ra3 79. Nc4 Ra2+ 80. Kg3 Kf6 81. Ne5 Ra3+ 82. Kh2 Re3 83. g3 Rxe5 84. fxe5+ Kxe5 85. Kg2 0-1

[Event "Bad Bevensen Seniors op 12th"]
[Site "Bad Bevensen"]
[Date "2009.07.10"]
[Round "4"]
[White "Prinz, Tade"]
[Black "Cassens, Erhard Otto"]
[Result "1-0"]
[WhiteElo "1544"]
[BlackElo "1723"]
[PlyCount "116"]
[EventDate "2009.07.07"]
[EventType "swiss"]
[EventRounds "9"]
[EventCountry "GER"]
[SourceTitle "EXT 2022"]
[Source "ChessBase"]
[SourceDate "2021.10.06"]
[SourceVersion "1"]
[SourceVersionDate "2021.10.06"]
[SourceQuality "1"]

1. d4 e6 2. Nf3 f5 3. Bf4 Nf6 4. e3 Be7 5. c4 0-0 6. Nc3 d5 7. a3 Ne4 8. Rc1 c6 9. Be2 Nd7 10. cxd5 exd5 11. h4 Ndf6 12. Qb3 Qa5 13. Ne5 Ng4 14. Nxg4 fxg4 15. g3 Bd6 16. Rd1 Bxf4 17. exf4 Nd6 18. 0-0 Qd8 19. Rfe1 Qf6 20. Bd3 Kh8 21. Re5 Nf7 22. Qb4 Nxe5 23. dxe5 Qf7 24. Ne2 b6 25. Qd6 c5 26. Nc3 Be6 27. Nb5 Rfd8 28. Qc7 c4 29. Qxf7 Bxf7 30. Be2 a6 31. Nd4 h5 32. Rc1 g6 33. Kg2 Re8 34. Bd1 b5 35. Rc3 Kg7 36. b4 Be6 37. Bc2 Bd7 38. Re3 Re6 39. f5 gxf5 40. Nxf5+ Kf8 41. Nd4 Rh6 42. f4 gxf3+ 43. Rxf3+ Ke7 44. Re3 Rf8 45. Bd1 Bf5 46. Bf3 Be6 47. Bd1 Kd7 48. a4 Rb8 49. axb5 axb5 50. Ra3 Bg4 51. Bc2 Rbb6 52. Ra5 Be6 53. Nxb5 Rxb5 54. Rxb5 c3 55. Kf2 d4 56. Ba4 Kc6 57. Rc5+ Kb7 58. Bc2 Kb6 1-0

[Event "Bad Bevensen Seniors op 12th"]
[Site "Bad Bevensen"]
[Date "2009.07.09"]
[Round "3"]
[White "Hadlich, Winfried"]
[Black "Prinz, Tade"]
[Result "1-0"]
[WhiteElo "1800"]
[BlackElo "1544"]
[PlyCount "85"]
[EventDate "2009.07.07"]
[EventType "swiss"]
[EventRounds "9"]
[EventCountry "GER"]
[SourceTitle "EXT 2022"]
[Source "ChessBase"]
[SourceDate "2021.10.06"]
[SourceVersion "1"]
[SourceVersionDate "2021.10.06"]
[SourceQuality "1"]

1. Nf3 Nf6 2. d4 d6 3. e3 Nbd7 4. Bd3 e5 5. e4 Be7 6. 0-0 0-0 7. c3 c6 8. h3 h6 9. Be3 Qc7 10. Nbd2 Nh7 11. Qc2 a6 12. Rfe1 Re8 13. Nf1 Ndf8 14. Ng3 Kh8 15. Nh2 Ng6 16. Nf3 Bd7 17. Nf5 Bf8 18. Rad1 Rad8 19. N3h4 Nxh4 20. Nxh4 Qc8 21. Nf5 g5 22. dxe5 dxe5 23. Bb6 Be6 24. Bxd8 Rxd8 25. Be2 Re8 26. Bg4 Nf6 27. Nd6 Bxd6 28. Rxd6 Nxg4 29. hxg4 Kg7 30. f3 Qc7 31. Red1 Qb6+ 32. Qf2 Qa5 33. a3 Bb3 34. R1d2 c5 35. Rd7 Qb5 36. Rc7 b6 37. Rdd7 Be6 38. Rd6 Bc8 39. Qd2 a5 40. Qd5 Rf8 41. Qxe5+ Kg8 42. Rxh6 f6 43. Qe7 1-0

[Event "Bad Bevensen Seniors op 12th"]
[Site "Bad Bevensen"]
[Date "2009.07.08"]
[Round "2"]
[White "Prinz, Tade"]
[Black "Orlova, Liubov"]
[Result "0-1"]
[WhiteElo "1544"]
[BlackElo "1863"]
[PlyCount "70"]
[EventDate "2009.07.07"]
[EventType "swiss"]
[EventRounds "9"]
[EventCountry "GER"]
[SourceTitle "EXT 2022"]
[Source "ChessBase"]
[SourceDate "2021.10.06"]
[SourceVersion "1"]
[SourceVersionDate "2021.10.06"]
[SourceQuality "1"]

1. d4 Nf6 2. Nf3 b6 3. Bf4 Bb7 4. Nbd2 e6 5. e3 d5 6. Bd3 Bd6 7. Ne5 Nbd7 8. c3 0-0 9. h4 Ne4 10. Qf3 f5 11. Rh3 Bxe5 12. dxe5 Nxd2 13. Kxd2 Nc5 14. Qh5 Nxd3 15. Kxd3 Qd7 16. Kc2 c5 17. Rg3 d4 18. Rd1 Qa4+ 19. Kc1 Be4 20. Rd2 Qxa2 21. Kd1 Qb1+ 22. Ke2 d3+ 23. Rxd3 Bxd3+ 24. Kd2 Qc2+ 25. Ke1 Qc1+ 26. Qd1 Qxd1+ 27. Kxd1 Rfd8 28. Kc1 Rd7 29. h5 Be2 30. f3 Rad8 31. Kc2 Bd1+ 32. Kb1 Bb3 33. e4 Rd1+ 34. Bc1 Rxc1+ 35. Kxc1 Rd1# 0-1

[Event "Berlin Eckbauer op 11th"]
[Site "Berlin"]
[Date "2008.10.13"]
[Round "6.26"]
[White "Moeller, Dirk Halvard"]
[Black "Prinz, Tade"]
[Result "0-1"]
[WhiteElo "1339"]
[BlackElo "1715"]
[PlyCount "98"]
[EventDate "2008.09.08"]
[EventType "swiss"]
[EventRounds "6"]
[EventCountry "GER"]
[SourceTitle "EXT 2022"]
[Source "ChessBase"]
[SourceDate "2021.10.06"]
[SourceVersion "1"]
[SourceVersionDate "2021.10.06"]
[SourceQuality "1"]

1. e4 e5 2. Nc3 d6 3. Bc4 Nc6 4. f4 exf4 5. Nf3 Bg4 6. 0-0 Ne5 7. Bb3 h5 8. d4 Bxf3 9. gxf3 Qg5+ 10. Kh1 Ng6 11. Rg1 Qa5 12. Nd5 Nh6 13. Bd2 Qxd5 14. Bxd5 c6 15. Bb3 Be7 16. Qc1 Bf6 17. c3 0-0-0 18. Bxf4 Nxf4 19. Qxf4 Rhf8 20. e5 Be7 21. Rxg7 Rh8 22. Bxf7 Kb8 23. Bxh5 dxe5 24. dxe5 Rdf8 25. e6+ Rxf4 26. Rxe7 Nf5 27. Re8+ Rxe8 28. Bxe8 Rxf3 29. Rd1 Re3 30. Bf7 a5 31. Rd7 Nh4 32. Kg1 Kc8 33. Bg8 Nf5 34. Rh7 a4 35. Rh8 Kc7 36. Kf2 a3 37. Rh7+ Kc8 38. bxa3 Rxc3 39. e7 Re3 40. Bb3 Re5 41. e8Q+ Rxe8 42. Be6+ Rxe6 43. Rh8+ Kc7 44. h4 c5 45. h5 c4 46. Rf8 Nh6 47. Rf4 b5 48. Rf3 Kc6 49. Re3 Ng4+ 0-1